Xây dựng tình huống giao tiếp toán học cho học sinh thông qua dạy học toán hình học lớp 8 : Luận văn Thạc sĩ Khoa học giáo dục. Chuyên ngành Lý luận và Phương pháp dạy học bộ môn Toán

Xây dựng một số tình huống giao tiếp toán học cho học sinh lớp 8 góp phần nâng cao hiệu quả dạy học Toán hình học.

Uloženo v:
Podrobná bibliografie
Hlavní autor: Trần, Thị Yến Nhi
Médium: Kniha
Jazyk:Undetermined
Vydáno: Cần Thơ Trường Đại học Cần Thơ 2019
Témata:
Tagy: Přidat tag
Žádné tagy, Buďte první, kdo otaguje tento záznam!
Thư viện lưu trữ: Trung tâm Học liệu Trường Đại học Cần Thơ
LEADER 01145nam a2200229Ia 4500
001 CTU_232533
008 210402s9999 xx 000 0 und d
082 |a 516.00712 
082 |b Nh300 
088 |a 8140111 
100 |a Trần, Thị Yến Nhi 
245 0 |a Xây dựng tình huống giao tiếp toán học cho học sinh thông qua dạy học toán hình học lớp 8 : 
245 0 |b Luận văn Thạc sĩ Khoa học giáo dục. Chuyên ngành Lý luận và Phương pháp dạy học bộ môn Toán 
245 0 |c Trần Thị Yến Nhi ; Nguyễn Phương Thảo (Cán bộ hướng dẫn) 
260 |a Cần Thơ 
260 |b Trường Đại học Cần Thơ 
260 |c 2019 
520 |a Xây dựng một số tình huống giao tiếp toán học cho học sinh lớp 8 góp phần nâng cao hiệu quả dạy học Toán hình học. 
650 |a Hình học,Geometry 
650 |x Dạy và học (Trung học),Study and teaching (Secondary) 
910 |b nthai 
980 |a Trung tâm Học liệu Trường Đại học Cần Thơ